Biggest Cities in Landlocked Countries - Statistics

General Stats
  • This quiz has been taken 131 times
    125 since last reset
  • The average score is 14 of 20
Answer Stats
Population City % Correct
2,150,000 Vienna
91%
1,890,000 La Paz
88%
1,470,000 Prague
84%
2,200,000 Asuncion
82%
2,775,000 Kathmandu
79%
2,575,000 Budapest
77%
3,725,000 Kabul
77%
2,650,000 Tashkent
73%
1,960,000 Minsk
71%
1,400,000 Belgrade
70%
2,325,000 Harare
67%
3,025,000 Kampala
67%
1,770,000 Almaty
65%
3,475,000 Addis Ababa
63%
2,275,000 Lusaka
61%
2,450,000 Baku
60%
2,950,000 Bamako
60%
2,100,000 Ouagadougou
54%
1,480,000 Yerevan
54%
1,860,000 Santa Cruz
38%
No matching quizzes found
Score Distribution
Percent of People with Each Score
Percentile by Number Answered
Your Score History
You have not taken this quiz since the last reset